00770nam a2200181ui 450000100060000000300080000600500170001400800410003103500190007204000300009104100080012108200350012924502420016426000490040630000410045565000590049670000330055532132BD-RjUL20211209051807.0140423s1979 ii 000 0 eng d a(BD-RjUL)32221 aCStRLINbengcLCdBD-RjUL aeng04220a294.592bSAC V-5 Pt-4 197904aThe Sacred books of the Hindus /cTranslated by various Sanskrit scholars; edited by Major B. D. Basu.nVolume V :nPt.4 :pthe vedanta-sutras of badarayana / with the commentary of Baladeva; translated by Rai Bahadur Srisa Chandra Vasu. aDelhi :bBharatiya Publishing House,,c1979. axxv, 679-772 [xxii, 19] p. ;c23 cm. 0aHindu literature, SanskritxTranslations into English.1 aBasu, Baman Das,d1867-1930.